A good idea - but... (Record no. 118321)
[ view plain ]
| 000 -LEADER | |
|---|---|
| fixed length control field | 01165cam a2200241 4500 |
| 001 - CONTROL NUMBER | |
| control field | ABS68412 |
| 008 - FIXED-LENGTH DATA ELEMENTS--GENERAL INFORMATION | |
| fixed length control field | 041117n2004 000 0 eng u |
| 035 ## - SYSTEM CONTROL NUMBER | |
| System control number | (Sirsi) u128014 |
| 100 ## - MAIN ENTRY--PERSONAL NAME | |
| Personal name | Watts, R. |
| 245 #2 - TITLE STATEMENT | |
| Title | A good idea - but... |
| 260 ## - PUBLICATION, DISTRIBUTION, ETC. | |
| Date of publication, distribution, etc. | 2004 |
| 490 ## - SERIES STATEMENT | |
| Series statement | RICS Building Control |
| Volume/sequential designation | (153) October 2004, 13-15(3) |
| 520 ## - SUMMARY, ETC. | |
| Summary, etc. | Discusses whether the UK will be ready in time for the energy performance directive (Directive 2002/91EC), which is due to become effective on 4 January 2006. Looks at the history of the directive and seeks to clarify confusion which has arisen over its implementation. Anticipates problems occurring over the certification of existing larger commercial, industrial and municipal buildings and listed buildings. Highlights worries over the timescale of the implementation, which may lead to punitive fines for the UK, if it is not ready. |
| 590 ## - LOCAL NOTE (RLIN) | |
| Local note | ABS |
| 590 ## - LOCAL NOTE (RLIN) | |
| Local note | ABS |
| 650 ## - SUBJECT ADDED ENTRY--TOPICAL TERM | |
| Topical term or geographic name entry element | ENERGY PERFORMANCE |
| 650 ## - SUBJECT ADDED ENTRY--TOPICAL TERM | |
| Topical term or geographic name entry element | DIRECTIVE 2002/91/EC |
| 650 ## - SUBJECT ADDED ENTRY--TOPICAL TERM | |
| Topical term or geographic name entry element | ENERGY CONSERVATION |
| 650 ## - SUBJECT ADDED ENTRY--TOPICAL TERM | |
| Topical term or geographic name entry element | ENERGY PERFORMANCE |
| 650 ## - SUBJECT ADDED ENTRY--TOPICAL TERM | |
| Topical term or geographic name entry element | ENERGY SAVING |
| 690 ## - LOCAL SUBJECT ADDED ENTRY--TOPICAL TERM (OCLC, RLIN) | |
| Topical term or geographic name as entry element | BUILDING AND CONSTRUCTION-REGULATION AND CONTROL |
| 942 ## - ADDED ENTRY ELEMENTS (KOHA) | |
| Suppress in OPAC | 0 |
| Withdrawn status | Lost status | Source of classification or shelving scheme | Damaged status | Not for loan | Home library | Current library | Shelving location | Date acquired | Total Checkouts | Full call number | Barcode | Date last seen | Copy number | Price effective from | Koha item type |
|---|---|---|---|---|---|---|---|---|---|---|---|---|---|---|---|
| Dewey Decimal Classification | London | London | Journal article | 17/11/2004 | ABS68412 | 128014-1001 | 06/08/2019 | 1 | 06/08/2019 | Journal article |